Functional analysis and time optimal control /
Guardado en:
| Autor Principal: | |
|---|---|
| Otros Autores: | |
| Formato: | Libro |
| Idioma: | English |
| Publicado: |
New York ; London :
Academic Press,
1969.
|
| Series: | Mathematics in science and engineering ;
v. 56 |
| Etiquetas: |
Agregar Etiqueta
Sin Etiquetas, Sea el primero en etiquetar este registro!
|
| LEADER | 00654cam a22001935 4500 | ||
|---|---|---|---|
| 001 | MAT.inmabb001752 | ||
| 008 | 690714s1969####nyu######b####001#0#eng#d | ||
| 005 | 20130309103147.0 | ||
| 245 | 1 | 0 | |a Functional analysis and time optimal control / |c Henry Hermes, Joseph P. LaSalle. |
| 260 | |a New York ; |a London : |b Academic Press, |c 1969. | ||
| 300 | |a viii, 136 p. ; |c 24 cm. | ||
| 440 | 0 | |a Mathematics in science and engineering ; |v v. 56 | |
| 504 | |a Bibliografía: p. 132-133. | ||
| 510 | 4 | |a MR, |c 54 #8380 | |
| 100 | 1 | |a Hermes, Henry, |d 1933- | |
| 700 | 1 | |a LaSalle, Joseph P. | |
| 084 | |a 49-02 |2 msc2000 | ||
| 010 | |a 69018354 | ||
| 859 | |h 49 |i H553 |p A-3128 |b BIB. MATEMATICA | ||
